Top 10 Running Back Duos in NFL History - Statistics

General Stats
  • This quiz has been taken 100 times
  • The average score is 10 of 20
Answer Stats
Hint Answer % Correct
1. Browns (1958-61) Jim Brown
98%
10. Browns (1964-1965) Jim Brown
98%
5. Steelers (1972-1980) Franco Harris
84%
3. Raiders (1987-1990) Marcus Allen
76%
4. Jaguars (2006-2008) Fred Taylor
67%
Jim Taylor
67%
Maurice Jones-Drew
67%
8. Cowboys (1986-1987) Tony Dorsett
66%
6. Dolphins (1969-1974) Larry Csonka
62%
Bo Jackson
61%
Warrick Dunn
47%
Herchel Walker
44%
9. Buccaneers (1997-2001) Mike Alstott
39%
2. Packers (1958-1966) Paul Hornung
36%
Mercury Morris
31%
Rocky Bleier
27%
Leroy Kelly
25%
Joe Perry
20%
Bobby Mitchell
13%
7. 49ers (1952-1960) Hugh McElhenny
11%
No matching quizzes found
Score Distribution
Percent of People with Each Score
Percentile by Number Answered
Your Score History
You have not taken this quiz